书目信息 |
| 题名: |
人工智能引起的学习革命
|
|
| 作者: | 欧塞 , 色尔夫 著 ;劳永光 译 | |
| 分册: | ||
| 出版信息: | 北京 春秋出版社 1989.10 |
|
| 页数: | 282页 | |
| 开本: | 19cm | |
| 丛书名: | 智能开发译丛 | |
| 单 册: | ||
| 中图分类: | G434 , G4-51 | |
| 科图分类: | 38.1638 | |
| 主题词: | 人工智能--作用--计算机辅助 , 计算机辅助教学 , 教育 | |
| 电子资源: | ||
| ISBN: | 7-5069-0166-8 | |
| 000 | 01139nam2 2200337 45 | |
| 001 | 0190017705 | |
| 005 | 20061101104200.35 | |
| 010 | @a7-5069-0166-8@dCNY3.50 | |
| 100 | @a19921223d1989 em y0chiy0121 ea | |
| 101 | 1 | @achi@ceng |
| 102 | @aCN@b110000 | |
| 105 | @ay z 000yy | |
| 200 | 10 | @a人工智能引起的学习革命@AREN GONG ZHI NENG YIN QI DE XUE XI GE MING@f(英)欧 塞,(英)色尔夫著@F( YING ) OU SAI ,( YING ) SE ER FU ZHU@g劳永光译 |
| 210 | @a北京@c春秋出版社@d1989.10 | |
| 215 | @a282页@d19cm | |
| 225 | 2 | @a智能开发译丛 |
| 300 | @a著者原题:亭·欧塞·约翰·色尔夫 | |
| 330 | @a本书深入浅出地介绍人工智能的研究成果及其在计算机辅助教学中的应用和发展。 | |
| 410 | 0 | @120010@a智能开发译丛 |
| 540 | 1 | @a人工 智能 引起 学习 革命@AREN GONG ZHI NENG YIN QI XUE XI GE MING |
| 606 | @a人工智能@x作用@x计算机辅助 | |
| 606 | @a计算机辅助教学 | |
| 606 | 0 | @a教育 |
| 690 | @aG434@v三版 | |
| 690 | @aG4-51@v3 | |
| 692 | @a38.1638 | |
| 701 | 1 | @a欧塞@AOU SAI@b亭@4著 |
| 701 | 1 | @a色尔夫@ASE ER FU@b约翰@4著 |
| 702 | 0 | @a劳永光@ALAO YONG GUANG@4译 |
| 801 | 0 | @aCN@bTSSF@c20061101 |
| 905 | @a10447@dG4-51@e25:10 | |
| 人工智能引起的学习革命/(英)欧 塞,(英)色尔夫著/劳永光译.-北京:春秋出版社,1989.10 |
| 282页;19cm.-(智能开发译丛) |
| 著者原题:亭·欧塞·约翰·色尔夫 |
| ISBN 7-5069-0166-8:CNY3.50 |
| 本书深入浅出地介绍人工智能的研究成果及其在计算机辅助教学中的应用和发展。 |
| ● |
| 相关链接 |
|
|
|
|
正题名:人工智能引起的学习革命
索取号:G4-51/25:10
 
预约/预借
| 序号 | 登录号 | 条形码 | 馆藏地/架位号 | 状态 | 备注 |
| 1 | 0227625 | 002055894 | 第一样本阅览室/ [索取号:G4-51/25:10] | 在馆 |